| 000 | 00605nam a2200229 a 4500 | ||
|---|---|---|---|
| 005 | 20210219152820.0 | ||
| 008 | 991125n 000 0 eng u | ||
| 035 | _aUPN01000062260 | ||
| 100 | _aMathieson, Margaret | ||
| 222 | 0 | _aOXFORD REVIEW OF EDUCATION | |
| 245 | 0 | _a1991 the teaching of english in England | |
| 300 | _a3-16 | ||
| 362 | _a1991 17, no. 1 | ||
| 653 | 0 | _aCURRICULUM | |
| 653 | 0 | _aENSEĆANZA | |
| 653 | 0 | _aINGLES (LENGUA) | |
| 653 | 0 | _aPLANEACION EDUCATIVA | |
| 653 | 0 | _aPOLITICA EDUCATIVA | |
| 653 | 0 | _aPUBLICACIONES OFICIALES | |
| 904 |
_aAC _b000071 |
||
| 905 | _aArticulo | ||
| 999 |
_c61607 _d61607 |
||